00386nam a22001577a 4500003000400000005001700004008004100021020001800062040000900080082001500089100001600104245004700120250001300167260003900180300000900219OSt20210304105726.0210304b ||||| |||| 00| 0 eng d a9788131526354 coclc a803bABR/G aAbrams, M H aA Glossary Of Literary Terms /cM H Abrams a11th Ed. aAndover:bCengage Learning,c2015. a430p